Statistiques concernant Culture Générale - Série 353

Cliquez ici pour prendre le quiz!

Statistiques générales

  • Ce quiz a été pris 127 fois
  • Le résultat moyen est 4 sur 10

Statistiques - réponses

QuestionRéponse% Correct
A la pétanque, comment appelle-t-on une équipe composée de trois joueurs ?Une triplette
93%
Dans quel sport le Français Arnaud Boetsch s'est-il illustré ?Le tennis
70%
Dans les années 1970, quel animal était Colargol ?Un ours
49%
De quel groupe toulousain Magyd Cherfi était-il le chanteur ?Zebda
46%
Dans quelle comédie musicale peut-on découvir Stella Spotlight ?Starmania
35%
Quelle est la profession de Jacques François dans "Le Père Noël est une ordure" ?Pharmacien
34%
Quelle est la profession de Mandrake dans la BD qui porte son nom ?Magicien
29%
Quel capitaine participe à la fameuse partie de cartes dans "Marius" ?Escartefigue
16%
Dans quel sport le Français Titouan Lamazou s'est-il illustré ?La voile
14%
Dans la série "Sex and the City", quel est le prénom de l'avocate ?Miranda
11%

Distribution des résultats

Percentile par nombre de réponses

% des personnes avec chaque résultat

Votre développement - résultats

Vous n’avez pas pris ce quiz